[Event "FRA-chT Top 12 2019"]
[Site "Brest"]
[Date "2019.05.27"]
[Round "10.1"]
[White "Velten, Paul"]
[Black "Tabatabaei, M.amin"]
[Result "1/2-1/2"]
[WhiteElo "2507"]
[BlackElo "2610"]
[Annotator "RC"]
[PlyCount "268"]
[EventDate "2019.05.18"]
[EventType "team-tourn"]
[EventCountry "FRA"]
[SourceTitle "playchess.com"]
[Source "ChessBase"]
[SourceQuality "1"]
[TimeControl "40/5400+30:1800+30"]

1. d4 {[%emt 0:00:00]} Nf6 {[%emt 0:04:34]} 2. c4 {[%emt 0:00:00]} e6 {[%emt 0:00:13]} 3. Nf3 {[%emt 0:00:41]} d5 {[%emt 0:00:12]} 4. Nc3 {[%emt 0:00:28]} dxc4 {[%emt 0:00:08]} 5. e4 {[%emt 0:00:29]} b5 {[%emt 0:00:06]} 6. e5 {[%emt 0:05:55]} Nd5 {[%emt 0:00:29]} 7. Nxb5 {[%emt 0:03:11]} Nb6 {[%emt 0:00:08]} 8. Be2 {[%emt 0:02:32]} Be7 {[%emt 0:00:13]} 9. O-O {[%emt 0:02:04]} Nc6 {[%emt 0:00:07]} 10. Be3 {[%emt 0:10:09]} O-O {[%emt 0:00:54]} 11. a4 {[%emt 0:08:36]} Na5 {[%emt 0:15:15]} 12. Nd2 {[%emt 0:02:55]} Bb7 {[%emt 0:05:29]} 13. Qc2 {[%emt 0:08:12]} Qd7 {[%emt 0:03:54]} 14. Rfc1 {[%emt 0:04:09]} Rfc8 {[%emt 0:18:55]} 15. Rd1 {[%emt 0:12:06]} h6 {[%emt 0:04:28]} 16. Na3 {[%emt 0:07:43]} Bd5 {[%emt 0:15:44]} 17. Ndxc4 {[%emt 0:09:17]} Naxc4 {[%emt 0:02:54]} 18. Nxc4 {[%emt 0:00:14]} Qc6 {[%emt 0:01:02]} 19. Rdc1 {[%emt 0:00:39]} Nxc4 {[%emt 0:02:54]} 20. Bxc4 {[%emt 0:00:29]} Bxg2 {[%emt 0:00:06]} 21. Bf1 {[%emt 0:06:07]} Qxc2 {[%emt 0:00:10]} 22. Rxc2 {[%emt 0:00:03]} Be4 {[%emt 0:01:07]} 23. Rc3 {[%emt 0:00:44]} Rab8 {[%emt 0:09:32]} 24. Ba6 {[%emt 0:01:14]} Bb7 {[%emt 0:00:08]} 25. Bd3 {[%emt 0:00:29]} Bb4 {[%emt 0:01:42]} 26. Rc2 {[%emt 0:00:42]} Ba5 {[%emt 0:00:26]} 27. Rac1 {[%emt 0:08:46]} Rd8 {[%emt 0:00:11]} 28. b4 {[%emt 0:00:59]} Bxb4 {[%emt 0:00:41]} 29. Rxc7 {[%emt 0:01:23]} Ba5 {[%emt 0:00:05]} 30. R7c2 {[%emt 0:00:21]} Bb6 {[%emt 0:02:19]} 31. Rb2 {[%emt 0:00:10]} Bf3 {[%emt 0:02:48]} 32. h3 {[%emt 0:00:40]} f6 {[%emt 0:00:19]} 33. exf6 {[%emt 0:00:19]} gxf6 {[%emt 0:00:01]} 34. a5 {[%emt 0:02:22]} Bxa5 {[%emt 0:00:37]} 35. Rxb8 {[%emt 0:00:05]} Rxb8 {[%emt 0:00:01]} 36. d5 {[%emt 0:01:17]} Bxd5 {[%emt 0:02:30]} 37. Bxa7 {[%emt 0:00:05]} Rb3 {[%emt 0:00:37]} 38. Bf1 {[%emt 0:00:11]} Rb7 {[%emt 0:03:35]} 39. Rc8+ {[%emt 0:00:38]} Kg7 {[%emt 0:00:28]} 40. Be3 {[%emt 0:00:39]} Rb1 {[%emt 0:00:29]} 41. Rc1 {[%emt 0:31:46]} Rxc1 {[%emt 0:33:25]} 42. Bxc1 {[%emt 0:00:12]} Bb6 {[%emt 0:01:26]} 43. Bb5 {[%emt 0:00:00]} h5 {[%emt 0:00:00]} 44. Kf1 {[%emt 0:00:00]} h4 {[%emt 0:00:00]} 45. Bd3 {[%emt 0:00:00]} Bd4 {[%emt 0:00:00]} 46. Ba3 {[%emt 0:00:00]} Be5 {[%emt 0:00:00]} 47. Bc1 {[%emt 0:00:00]} Bd6 {[%emt 0:00:00]} 48. Be3 {[%emt 0:00:00]} Bf3 {[%emt 0:00:00]} 49. Be2 {[%emt 0:00:00]} Be4 {[%emt 0:00:00]} 50. f3 {[%emt 0:00:00]} Bf5 {[%emt 0:00:00]} 51. Kg2 {[%emt 0:00:00]} Bg3 {[%emt 0:00:00]} 52. Bb5 {[%emt 0:00:00]} e5 {[%emt 0:00:00]} 53. Bc6 {[%emt 0:00:00]} Be6 {[%emt 0:00:00]} 54. Bd2 {[%emt 0:00:00]} Kg6 {[%emt 0:00:00]} 55. Be8+ {[%emt 0:00:00]} Kf5 {[%emt 0:00:00]} 56. Bc6 {[%emt 0:00:00]} Bc8 {[%emt 0:00:21]} 57. Bd5 {[%emt 0:00:00]} Bd7 {[%emt 0:00:18]} 58. Be3 {[%emt 0:00:00]} Kg6 {[%emt 0:00:41]} 59. Bd2 {[%emt 0:00:00]} Bb5 {[%emt 0:00:27]} 60. Be3 {[%emt 0:00:00]} f5 {[%emt 0:00:52]} 61. Bd2 {[%emt 0:00:00]} Kf6 {[%emt 0:00:23]} 62. Ba5 {[%emt 0:00:00]} Ke7 {[%emt 0:00:17]} 63. Bb4+ {[%emt 0:00:00]} Kd7 {[%emt 0:00:08]} 64. Ba3 {[%emt 0:00:00]} Be1 {[%emt 0:01:12]} 65. Bf8 {[%emt 0:00:00]} Bd3 {[%emt 0:00:55]} 66. Ba3 {[%emt 0:00:00]} Ba5 {[%emt 0:00:48]} 67. Bc5 {[%emt 0:00:06]} Bc7 {[%emt 0:01:20]} 68. Bb4 {[%emt 0:00:22]} Bd8 {[%emt 0:00:42]} 69. Ba3 {[%emt 0:01:53]} Be7 {[%emt 0:04:30]} 70. Bb2 {[%emt 0:00:09]} Bd6 {[%emt 0:00:01]} 71. Bc3 {[%emt 0:00:10]} Bc7 {[%emt 0:00:41]} 72. Bb4 {[%emt 0:01:02]} Bc2 {[%emt 0:00:34]} 73. Kf1 {[%emt 0:01:31]} Ba4 {[%emt 0:01:20]} 74. Kg2 {[%emt 0:00:30]} Bb5 {[%emt 0:00:11]} 75. Bc5 {[%emt 0:01:36]} Bd6 {[%emt 0:00:16]} 76. Bf2 Be7 77. Be1 {[%emt 0:00:14]} Bf6 {[%emt 0:01:16]} 78. Bb4 {[%emt 0:01:12]} Ba6 {[%emt 0:00:33]} 79. Ba3 {[%emt 0:00:22]} Bd3 {[%emt 0:00:45]} 80. Bb4 {[%emt 0:00:20]} Bg5 {[%emt 0:00:06]} 81. Bc5 {[%emt 0:01:20]} Be7 {[%emt 0:00:29]} 82. Ba7 {[%emt 0:00:36]} Kd6 {[%emt 0:00:16]} 83. Bb7 {[%emt 0:01:12]} Bf6 {[%emt 0:01:04]} 84. Kf2 {[%emt 0:00:23]} Bb1 {[%emt 0:00:38]} 85. Bb6 {[%emt 0:01:59]} Bg5 {[%emt 0:00:20]} 86. Ba7 {[%emt 0:00:48]} Bf4 {[%emt 0:00:02]} 87. Kg2 {[%emt 0:00:15]} Bg3 {[%emt 0:00:56]} 88. Be3 {[%emt 0:00:32]} Bd3 {[%emt 0:00:08]} 89. Ba7 {[%emt 0:00:34]} Bc2 {[%emt 0:00:30]} 90. Be3 {[%emt 0:00:26]} Bb3 {[%emt 0:00:07]} 91. Bc8 {[%emt 0:00:43]} Bc2 {[%emt 0:00:56]} 92. Bb7 {[%emt 0:00:05]} Ke6 {[%emt 0:00:27]} 93. Bc5 {[%emt 0:01:05]} Ba4 {[%emt 0:00:24]} 94. Bb4 {[%emt 0:00:37]} Bd7 {[%emt 0:00:07]} 95. Bc5 {[%emt 0:01:05]} Be1 {[%emt 0:00:27]} 96. Ba3 {[%emt 0:00:35]} Ba5 {[%emt 0:01:17]} 97. Bc5 {[%emt 0:00:23]} Bd8 {[%emt 0:00:07]} 98. Bb4 {[%emt 0:00:32]} Bg5 {[%emt 0:01:14]} 99. Bc5 {[%emt 0:01:06]} Be7 {[%emt 0:00:26]} 100. Ba7 {[%emt 0:00:22]} f4 {[%emt 0:00:30]} 101. Be4 {[%emt 0:00:34]} Bb5 {[%emt 0:00:13]} 102. Bb6 {[%emt 0:00:31]} Kd6 {[%emt 0:00:12]} 103. Ba7 {[%emt 0:00:11]} Bd8 {[%emt 0:00:25]} 104. Bf2 {[%emt 0:00:15]} Bc4 {[%emt 0:00:33]} 105. Kg1 {[%emt 0:00:58]} Be7 {[%emt 0:00:50]} 106. Kg2 {[%emt 0:00:04]} Kc7 {[%emt 0:00:08]} 107. Kg1 {[%emt 0:00:10]} Be6 {[%emt 0:00:07]} 108. Kg2 {[%emt 0:00:01]} Bd7 {[%emt 0:00:00]} 109. Ba8 {[%emt 0:00:16]} Bf5 {[%emt 0:00:18]} 110. Bd5 {[%emt 0:00:31]} Kd6 {[%emt 0:00:02]} 111. Bb7 {[%emt 0:00:14]} Bd8 {[%emt 0:00:10]} 112. Ba8 {[%emt 0:00:07]} Ke6 {[%emt 0:00:10]} 113. Bc6 {[%emt 0:00:09]} Bc2 {[%emt 0:01:42]} 114. Bb7 {[%emt 0:01:38]} Be7 {[%emt 0:00:38]} 115. Bc6 {[%emt 0:00:16]} Kf5 {[%emt 0:00:12]} 116. Bd7+ {[%emt 0:00:06]} Kg5 {[%emt 0:00:09]} 117. Bc6 {[%emt 0:00:07]} Bg6 {[%emt 0:00:16]} 118. Bd5 {[%emt 0:00:16]} Bb4 {[%emt 0:00:02]} 119. Bb6 {[%emt 0:00:12]} Kf6 {[%emt 0:00:39]} 120. Bf2 {[%emt 0:00:14]} Kg5 {[%emt 0:00:01]} 121. Bb6 {[%emt 0:00:06]} Be7 {[%emt 0:00:24]} 122. Bf2 {[%emt 0:00:17]} Bc2 {[%emt 0:00:13]} 123. Bc6 {[%emt 0:00:12]} Bd8 {[%emt 0:00:13]} 124. Bb7 {[%emt 0:00:17]} Kg6 {[%emt 0:00:17]} 125. Be4+ {[%emt 0:02:40]} Bxe4 {[%emt 0:00:14]} 126. fxe4 {[%emt 0:00:04]} Kg5 {[%emt 0:03:29]} 127. Be1 {[%emt 0:00:26]} Bb6 {[%emt 0:00:50]} 128. Kf3 {[%emt 0:00:09]} Bd4 {[%emt 0:01:18]} 129. Ba5 {[%emt 0:00:07]} Kh5 {[%emt 0:00:10]} 130. Bd8 {[%emt 0:00:11]} Bb2 {[%emt 0:00:06]} 131. Bc7 {[%emt 0:00:55]} Bc3 {[%emt 0:00:09]} 132. Bd8 {[%emt 0:00:54]} Be1 {[%emt 0:00:10]} 133. Bc7 {[%emt 0:00:28]} Bc3 {[%emt 0:00:05]} 134. Bd8 {[%emt 0:00:05]} Be1 {[%emt 0:00:04]} 1/2-1/2

[Event "FRA-chT Top 12 2019"]
[Site "Brest"]
[Date "2019.05.27"]
[Round "10.1"]
[White "Villegas, Pierre"]
[Black "Lagarde, Maxime"]
[Result "0-1"]
[WhiteElo "2354"]
[BlackElo "2600"]
[Annotator "RC"]
[PlyCount "120"]
[EventDate "2019.05.18"]
[EventType "team-tourn"]
[EventCountry "FRA"]
[SourceTitle "playchess.com"]
[Source "ChessBase"]
[SourceQuality "1"]
[TimeControl "40/5400+30:1800+30"]

1. d4 {[%emt 0:00:00]} Nf6 {[%emt 0:00:00]} 2. c4 {[%emt 0:00:00]} c5 {[%emt 0:00:00]} 3. d5 {[%emt 0:00:00]} b5 {[%emt 0:00:00]} 4. cxb5 {[%emt 0:01:15]} a6 {[%emt 0:00:00]} 5. bxa6 {[%emt 0:00:07]} g6 {[%emt 0:00:06]} 6. Nc3 {[%emt 0:00:08]} Bg7 {[%emt 0:00:04]} 7. e4 {[%emt 0:00:44]} O-O {[%emt 0:00:04]} 8. Nf3 {[%emt 0:01:27]} d6 {[%emt 0:01:09]} 9. Be2 {[%emt 0:03:47]} Qa5 {[%emt 0:00:25]} 10. O-O {[%emt 0:01:56]} Bxa6 {[%emt 0:00:43]} 11. Re1 {[%emt 0:10:03]} Nbd7 {[%emt 0:05:52]} 12. h3 {[%emt 0:04:34]} Nb6 {[%emt 0:03:53]} 13. e5 {[%emt 0:19:57]} Nfd7 {[%emt 0:05:10]} 14. exd6 {[%emt 0:11:33]} exd6 {[%emt 0:00:35]} 15. Bf4 {[%emt 0:00:20]} Rfe8 {[%emt 0:00:54]} 16. Bxa6 Qxa6 {[%emt 0:01:36]} 17. Rxe8+ {[%emt 0:11:00]} Rxe8 {[%emt 0:00:04]} 18. Bxd6 {[%emt 0:00:17]} Nc4 {[%emt 0:00:10]} 19. Qd3 {[%emt 0:06:45]} Ra8 {[%emt 0:00:04]} 20. Bf4 {[%emt 0:06:05]} Nxb2 {[%emt 0:00:39]} 21. Qxa6 {[%emt 0:00:07]} Rxa6 {[%emt 0:00:04]} 22. Bd2 {[%emt 0:00:15]} Nc4 {[%emt 0:13:37]} 23. Rc1 {[%emt 0:03:09]} f5 {[%emt 0:13:36]} 24. Be1 {[%emt 0:02:52]} Nb2 {[%emt 0:03:46]} 25. Rc2 {[%emt 0:00:56]} Nd3 {[%emt 0:00:25]} 26. Ne2 {[%emt 0:03:26]} Rb6 {[%emt 0:16:42]} 27. Nc1 {[%emt 0:03:18]} Nf4 {[%emt 0:00:34]} 28. Bd2 {[%emt 0:02:29]} Nxd5 {[%emt 0:00:19]} 29. Nd3 {[%emt 0:00:07]} Rb1+ {[%emt 0:02:38]} 30. Kh2 {[%emt 0:01:46]} Bf8 {[%emt 0:00:48]} 31. g3 {[%emt 0:00:25]} Bd6 {[%emt 0:01:26]} 32. Kg2 {[%emt 0:00:50]} Rb7 {[%emt 0:01:02]} 33. Bc1 {[%emt 0:01:51]} Ra7 {[%emt 0:02:56]} 34. Nd2 {[%emt 0:00:51]} Ra4 {[%emt 0:00:36]} 35. Nc4 {[%emt 0:01:22]} Bf8 {[%emt 0:00:04]} 36. Kf3 {[%emt 0:01:53]} Bg7 {[%emt 0:01:49]} 37. a3 {[%emt 0:01:57]} Nc3 {[%emt 0:01:51]} 38. Ndb2 {[%emt 0:00:15]} Ra6 {[%emt 0:01:59]} 39. Nd3 {[%emt 0:00:35]} Nb5 {[%emt 0:02:23]} 40. Bb2 {[%emt 0:01:01]} Nd4+ {[%emt 0:02:02]} 41. Bxd4 {[%emt 0:03:12]} Bxd4 {[%emt 0:00:23]} 42. Ke2 {[%emt 0:05:33]} Kf7 {[%emt 0:03:31]} 43. h4 {[%emt 0:03:02]} h6 {[%emt 0:05:11]} 44. Ra2 {[%emt 0:04:19]} g5 {[%emt 0:07:38]} 45. hxg5 {[%emt 0:00:14]} hxg5 {[%emt 0:00:03]} 46. f4 {[%emt 0:07:36]} g4 {[%emt 0:03:54]} 47. Nde5+ {[%emt 0:01:27]} Nxe5 {[%emt 0:02:37]} 48. fxe5 {[%emt 0:00:16]} Rh6 {[%emt 0:00:22]} 49. Kf1 {[%emt 0:02:56]} Rh1+ {[%emt 0:01:28]} 50. Kg2 {[%emt 0:00:05]} Rg1+ {[%emt 0:00:06]} 51. Kh2 {[%emt 0:00:03]} Rc1 {[%emt 0:00:07]} 52. Nd6+ {[%emt 0:00:19]} Ke6 {[%emt 0:00:05]} 53. Nb5 {[%emt 0:00:09]} Bxe5 {[%emt 0:00:40]} 54. a4 {[%emt 0:00:07]} c4 {[%emt 0:03:09]} 55. a5 {[%emt 0:00:30]} c3 {[%emt 0:00:23]} 56. a6 {[%emt 0:00:50]} c2 {[%emt 0:00:18]} 57. a7 {[%emt 0:00:11]} Rh1+ {[%emt 0:00:06]} 58. Kxh1 {[%emt 0:00:05]} c1=Q+ {[%emt 0:00:03]} 59. Kh2 {[%emt 0:01:32]} Qh6+ {[%emt 0:00:13]} 60. Kg1 {[%emt 0:00:31]} Qe3+ {[%emt 0:00:08]} 0-1

[Event "FRA-chT Top 12 2019"]
[Site "Brest"]
[Date "2019.05.27"]
[Round "10.2"]
[White "Vachier-Lagrave, Maxime"]
[Black "Fressinet, Laurent"]
[Result "1/2-1/2"]
[WhiteElo "2780"]
[BlackElo "2640"]
[Annotator "TA"]
[PlyCount "168"]
[EventDate "2019.05.18"]
[EventType "team-tourn"]
[EventCountry "FRA"]
[SourceTitle "playchess.com"]
[Source "ChessBase"]
[SourceQuality "1"]

{[%evp 13,168,25,34,37,23,24,33,18,25,25,25,13,25,24,21,13,38,9,8,6,19,4,6,1,4,0,0,0,0,0,0,0,0,-8,0,0,0,-6,0,0,0,0,0,-3,0,0,0,0,0,0,0,0,8,7,8,8,12,8,17,9,10,8,14,6,9,6,14,5,8,8,17,19,32,32,32,32,32,8,10,10,10,0,0,0,0,0,0,0,0,0,0,0,0,0,0,0,0,0,0,0,0,0,0,0,0,0,0,0,0,0,0,0,0,0,0,0,0,0,0,0,0,0,0,0,0,0,0,0,0,0,0,0,0,0,0,0,0,0,0,0,0,0,0,0,0,0,0,0,0,0,0,0,0,0,0,0,0]} 1. e4 e5 2. Nf3 Nc6 3. Bb5 a6 4. Ba4 Nf6 5. O-O Bc5 6. c3 O-O 7. d4 Ba7 8. dxe5 {C78: Ruy Lopez: Archangelsk and Möller Defences} Nxe4 9. Qd5 (9. Bc2 d5 10. exd6 Nxd6 11. Bg5 f6 12. Bf4 g5 13. Bxd6 Qxd6 14. Qxd6 cxd6 15. Nbd2 g4 {0-1 (73) Vallejo Pons,F (2693)-Carlsen,M (2845) Karlsruhe/Baden Baden 2019}) 9... Nc5 10. Bc2 {White is slightly better.} Ne7 11. Qd1 d5 12. exd6 Qxd6 13. Qxd6 cxd6 14. Re1 Re8 15. Be3 $146 ({Predecessor:} 15. b4 Ne6 {½-½ (32) Kubicki,T (2456)-Schroeder,M (2397) ICCF email 2010}) 15... Bf5 16. Na3 Bxc2 17. Bxc5 dxc5 18. Nxc2 Nc6 19. a4 Rxe1+ 20. Rxe1 Rd8 21. g3 f6 22. Na3 Kf7 23. Kg2 Bb8 24. Nc4 Bc7 25. Ra1 b6 26. h4 Ne7 27. h5 Rd5 28. Rh1 Rd7 29. Ne3 Nd5 30. Nc4 Ne7 31. Ncd2 Nc6 32. Kf1 Ne5 33. Nxe5+ Bxe5 $11 {[%mdl 4096] Endgame KRB-KRN} 34. Ke2 Re7 35. Kf3 b5 36. Ne4 bxa4 37. Ra1 Rb7 38. Rxa4 Rxb2 39. Rxa6 Bxc3 40. Ra7+ Kg8 41. Nd6 {[#] Threatening mate with Ra8+.} h6 42. Nf5 Bd4 43. Rxg7+ Kf8 44. Rc7 Rxf2+ 45. Ke4 Re2+ {The position is equal.} 46. Kd3 Rg2 47. g4 Be5 48. Rxc5 Bf4 49. Rc8+ Kf7 50. Rc4 Bg5 51. Re4 Rf2 52. Nd6+ Kg7 {[#] aiming for ...Rd2+.} 53. Re7+ Kf8 54. Re8+ Kg7 {Threatens to win with ...Rd2+.} 55. Kc4 (55. Nf5+ {is more complex.} Kf7 56. Nd6+ Kg7) 55... Rc2+ 56. Kd5 Rd2+ 57. Kc6 Rc2+ 58. Kd7 Rd2 59. Re7+ Kf8 60. Re4 Ra2 61. Ke6 Ra5 62. Rb4 Re5+ 63. Kd7 Re7+ 64. Kc6 {Hoping for Rb8+.} Re1 65. Rb8+ Kg7 66. Nf5+ Kf7 67. Rb7+ Kf8 68. Rb4 Kf7 69. Kd7 Kf8 70. Rb8+ Kf7 71. Nd6+ Kg7 72. Re8 Rd1 73. Re4 Ra1 74. Ke6 Ra6 75. Rb4 Kf8 76. Rc4 Kg7 77. Rc7+ Kf8 78. Rc8+ Kg7 79. Kd7 Ra1 80. Rc7 Re1 81. Nf5+ Kf7 82. Rc4 Re2 83. Re4 Ra2 84. Nd6+ Kf8 {Accuracy: White = 81%, Black = 81%.} 1/2-1/2

[Event "FRA-chT Top 12 2019"]
[Site "Brest"]
[Date "2019.05.27"]
[Round "10.2"]
[White "Bauer, Christian"]
[Black "Cramling, Pia"]
[Result "1-0"]
[WhiteElo "2643"]
[BlackElo "2454"]
[Annotator "TA"]
[PlyCount "81"]
[EventDate "2019.05.18"]
[EventType "team-tourn"]
[EventCountry "FRA"]
[SourceTitle "playchess.com"]
[Source "ChessBase"]
[SourceQuality "1"]

{[%evp 9,81,-18,2,12,22,14,31,15,25,0,0,0,0,0,0,0,0,-7,0,-2,36,33,40,8,33,16,44,9,95,100,97,79,89,39,39,0,0,-31,-34,-46,0,0,0,0,0,0,73,63,70,65,67,65,73,65,64,66,76,76,67,66,707,700,681,682,667,667,666,660,645,633,5722,5457,29973,1706]} 1. e4 c5 2. Nf3 e6 3. c3 d5 4. e5 d4 5. g3 Ne7 6. Bg2 {B40: Sicilian: 2...e6, Unusual lines} Nec6 7. O-O Nd7 $146 ({Predecessor:} 7... Be7 8. d3 dxc3 9. bxc3 O-O 10. h4 b5 11. Qe2 Bb7 12. Nbd2 Nd7 {0-1 (45) Lyell,M (2247)-Rodshtein,M (2683) Groningen 2013}) 8. Re1 {White is slightly better.} g5 9. h3 Bg7 {[%cal Rd7e5]} 10. d3 h6 {[%cal Rd7e5]} ({Much weaker is} 10... Bxe5 $6 11. Bxg5 Bf6 12. Bxf6 $16) 11. cxd4 cxd4 {[%cal Rd7e5]} 12. b3 Ndxe5 13. Nxe5 Nxe5 14. Ba3 Nc6 15. Nd2 {[%mdl 1024] White has compensation.} Bf8 16. Bb2 (16. Bxf8 {is interesting.} Kxf8 17. Qe2 Nb4 18. a3 Nd5 19. Nf3) 16... Bb4 17. Rc1 O-O 18. a3 Bc3 (18... Bxd2 $1 $11 19. Qxd2 Bd7) 19. Bxc3 $16 dxc3 20. Rxc3 Bd7 21. Qa1 Rc8 22. Rc4 e5 23. Rc5 f6 24. Nf3 Qe7 25. b4 b6 26. Rc4 Qd6 27. b5 Na5 (27... Ne7 $1 $11 {remains equal.}) 28. Rxc8 Rxc8 29. d4 {[%cal Rd4e5]} e4 30. Rxe4 Bxb5 {[#]} 31. d5 $1 {[%mdl 512] Strongly threatening Re6.} Nb3 $1 {[%cal Rb3a1]} ({But not} 31... Qxd5 $2 32. Nxg5 $1 {[%mdl 512]} Qxg5 33. Rg4 $18) 32. Qb2 Nc5 $1 {[%cal Rc5e4]} ({Not} 32... Qxd5 $2 33. Qxf6 $3 {[%mdl 512]} Qxe4 34. Ne5 $18) 33. Re3 Bd7 34. Nd4 Na4 $2 {[%mdl 8192]} (34... f5 $14) 35. Qb1 $18 {Black must now prevent Qg6+.} Kg7 36. Nf5+ Bxf5 37. Qxf5 Rc1+ 38. Kh2 Nc5 39. Bf3 {Bh5 would kill now.} Nd7 {[#]} 40. Re6 $1 {[%cal Re6d6]} Qf8 41. Rc6 {Accuracy: White = 67%, Black = 40%.} (41. Be4 $142 Rh1+ 42. Bxh1 b5 43. Be4 Qf7 44. Qh7+ Kf8 45. Qh8+ Qg8 46. Qxh6+ Qg7 {[#]} 47. Re8+ $1 {[%mdl 576] Deflection} Kxe8 48. Qxg7) 1-0

[Event "FRA-chT Top 12 2019"]
[Site "Brest"]
[Date "2019.05.27"]
[Round "10.2"]
[White "Heimann, Andreas"]
[Black "Miezis, Normunds"]
[Result "1/2-1/2"]
[WhiteElo "2627"]
[BlackElo "2456"]
[Annotator "TA"]
[PlyCount "27"]
[EventDate "2019.05.18"]
[EventType "team-tourn"]
[EventCountry "FRA"]
[SourceTitle "playchess.com"]
[Source "ChessBase"]
[SourceQuality "1"]

{[%evp 12,27,12,12,21,8,41,31,52,40,22,21,29,25,24,0,0,-12]} 1. d4 Nf6 2. Nf3 e6 3. c4 Bb4+ 4. Bd2 a5 5. g3 d5 6. Bg2 O-O 7. Qc2 c5 {E11: Bogo-Indian} 8. cxd5 cxd4 9. Nxd4 Nxd5 {White is slightly better.} 10. Nc3 $146 ({Predecessor:} 10. O-O Qb6 11. e3 Bd7 12. Nc3 Nf6 13. a3 Bc5 14. Nf3 Rc8 {0-1 (73) Esipenko,A (2593)-Short,N (2646) Moscow 2018}) 10... Nxc3 11. bxc3 Bc5 12. O-O e5 13. Nb5 Nc6 14. Rad1 1/2-1/2

[Event "FRA-chT Top 12 2019"]
[Site "Brest"]
[Date "2019.05.27"]
[Round "10.2"]
[White "Van Foreest, Jorden"]
[Black "Balogh, Csaba"]
[Result "1-0"]
[WhiteElo "2601"]
[BlackElo "2598"]
[Annotator "TA"]
[PlyCount "45"]
[EventDate "2019.05.18"]
[EventType "team-tourn"]
[EventCountry "FRA"]
[SourceTitle "playchess.com"]
[Source "ChessBase"]
[SourceQuality "1"]

{[%evp 14,45,23,15,32,24,14,28,28,25,25,22,60,52,39,14,52,58,47,60,139,112,114,47,39,45,68,41,57,52,145,117,389,386]} 1. d4 Nf6 2. Nf3 e6 3. c4 b6 4. g3 Bb7 5. Bg2 Bb4+ 6. Bd2 a5 7. O-O O-O 8. Qc2 Be4 {E16: Queen's Indian: 4 g3 Bb7 5 Bg2 Bb4+} 9. Qb3 c5 $146 ({Predecessor:} 9... Nc6 10. Bxb4 axb4 11. Nbd2 d5 12. Rfc1 Qd6 13. e3 Na5 14. Qd1 Nxc4 15. Nxc4 dxc4 16. Rxc4 {0-1 (43) Krstulovic,A (2309)-Antipov,M (2581) Budapest 2017}) 10. dxc5 Bxc5 {White has an edge.} 11. Nc3 Bc6 12. Rad1 Na6 13. Bf4 Qe7 14. Na4 d5 15. Ne5 ({Much weaker is} 15. Nxb6 Rfb8 $15) 15... Bxa4 16. Qxa4 Qb7 (16... h6 $14) 17. cxd5 Nxd5 18. a3 ({White should play} 18. Bxd5 $16 exd5 19. Qd7 Qxd7 20. Nxd7) 18... b5 $14 19. Qb3 $36 {[%cal Rd1d5][%mdl 2048] aiming for Rxd5. White has good play.} Rfd8 20. Be4 Rac8 21. Qf3 Bf8 (21... f6 $14) 22. Bd2 $16 {Hoping for Nxf7!} ({Don't do} 22. Qh5 $6 g6 $11) 22... Qc7 $2 {[%mdl 8192] [#]} (22... f5 $16 {keeps fighting.}) 23. Nxf7 $1 {[%mdl 512] Accuracy: White = 53%, Black = 34%.} 1-0

[Event "FRA-chT Top 12 2019"]
[Site "Brest"]
[Date "2019.05.27"]
[Round "10.2"]
[White "Praggnanandhaa R"]
[Black "Chabanon, Jean-Luc"]
[Result "1/2-1/2"]
[WhiteElo "2536"]
[BlackElo "2437"]
[Annotator "ChessBase"]
[PlyCount "104"]
[EventDate "2019.05.18"]
[EventType "team-tourn"]
[EventCountry "FRA"]
[SourceTitle "playchess.com"]
[Source "ChessBase"]
[SourceQuality "1"]
[TimeControl "40/5400+30:1800+30"]

1. Nf3 {[%emt 0:00:00]} d5 {[%emt 0:02:39]} 2. g3 {[%emt 0:00:05]} c6 {[%emt 0:03:57]} 3. Bg2 {[%emt 0:00:26]} Bg4 {[%emt 0:00:19]} 4. h3 {[%emt 0:01:30]} Bh5 {[%emt 0:00:42]} 5. O-O {[%emt 0:00:14]} Nd7 {[%emt 0:00:52]} 6. d3 {[%emt 0:00:16]} e5 {[%emt 0:04:36]} 7. e4 {[%emt 0:01:39]} dxe4 {[%emt 0:01:45]} 8. dxe4 {[%emt 0:00:03]} Bc5 {[%emt 0:03:34]} 9. Qe1 {[%emt 0:05:08]} Ne7 {[%emt 0:11:55]} 10. Nbd2 {[%emt 0:17:50]} f6 {[%emt 0:02:37]} 11. a4 {[%emt 0:09:28]} Bf7 {[%emt 0:08:41]} 12. Qe2 {[%emt 0:04:56]} Qc7 {[%emt 0:18:07]} 13. Nc4 {[%emt 0:05:23]} Nb6 {[%emt 0:10:42]} 14. Ne3 {[%emt 0:03:27]} a5 {[%emt 0:03:53]} 15. b3 {[%emt 0:03:48]} O-O {[%emt 0:01:16]} 16. Bb2 {[%emt 0:02:26]} Rad8 {[%emt 0:01:24]} 17. Kh1 {[%emt 0:14:55]} Nbc8 {[%emt 0:01:27]} 18. Rad1 {[%emt 0:17:42]} Rxd1 {[%emt 0:00:25]} 19. Rxd1 {[%emt 0:00:21]} Rd8 {[%emt 0:00:15]} 20. Rxd8+ {[%emt 0:01:52]} Qxd8 {[%emt 0:00:07]} 21. Ne1 {[%emt 0:00:40]} Bd4 {[%emt 0:08:09]} 22. Qd2 {[%emt 0:04:02]} Bb6 {[%emt 0:02:50]} 23. Nd3 {[%emt 0:00:30]} Nd6 {[%emt 0:04:02]} 24. Ba3 {[%emt 0:01:01]} Ndc8 {[%emt 0:02:40]} 25. Qe2 {[%emt 0:02:21]} Bd4 {[%emt 0:00:53]} 26. f4 {[%emt 0:00:43]} b5 {[%emt 0:01:07]} 27. fxe5 {[%emt 0:01:25]} fxe5 {[%emt 0:00:11]} 28. Ng4 {[%emt 0:01:01]} b4 {[%emt 0:00:52]} 29. Bc1 {[%emt 0:00:20]} Qd6 {[%emt 0:02:16]} 30. Be3 {[%emt 0:00:38]} Ng6 {[%emt 0:00:39]} 31. h4 {[%emt 0:00:39]} h5 {[%emt 0:00:35]} 32. Nh2 {[%emt 0:00:27]} c5 {[%emt 0:01:17]} 33. Bxd4 {[%emt 0:00:32]} Qxd4 {[%emt 0:00:06]} 34. Nf3 {[%emt 0:00:32]} Qa1+ {[%emt 0:00:21]} 35. Kh2 {[%emt 0:00:14]} c4 {[%emt 0:00:09]} 36. bxc4 {[%emt 0:00:53]} Bxc4 {[%emt 0:00:38]} 37. Ng5 {[%emt 0:00:01]} Qxa4 {[%emt 0:01:53]} 38. Qxh5 {[%emt 0:00:39]} Nce7 {[%emt 0:00:13]} 39. Nc5 {[%emt 0:00:51]} Qc6 {[%emt 0:00:40]} 40. Bh3 {[%emt 0:00:29]} Nf8 {[%emt 0:00:43]} 41. Nce6 {[%emt 0:07:45]} Neg6 {[%emt 0:13:41]} 42. Bf5 {[%emt 0:10:12]} Qd6 {[%emt 0:12:27]} 43. Bxg6 {[%emt 0:10:48]} Qd2+ {[%emt 0:00:08]} 44. Kh1 {[%emt 0:00:26]} Qc1+ {[%emt 0:03:41]} 45. Kh2 {[%emt 0:00:12]} Qxc2+ {[%emt 0:00:40]} 46. Kh1 {[%emt 0:00:19]} Qc1+ {[%emt 0:00:36]} 47. Kh2 {[%emt 0:00:09]} Qc2+ {[%emt 0:00:42]} 48. Kh1 {[%emt 0:00:15]} Qc1+ {[%emt 0:00:06]} 49. Kh2 {[%emt 0:00:09]} Qd2+ {[%emt 0:00:07]} 50. Kh1 {[%emt 0:00:08]} Qe1+ {[%emt 0:00:25]} 51. Kh2 {[%emt 0:00:05]} Qf2+ {[%emt 0:01:29]} 52. Kh1 {[%emt 0:00:05]} Qe1+ {[%emt 0:00:49]} 1/2-1/2